000 00540nam a2200169Ia 4500
003 GCL
008 140319s9999 xx 000 0 ara d
040 _aGCL /
_cGCL
082 0 4 _a629.227
_bع م
100 1 _aعادل المعلم
245 1 0 _aالموتوسيكل: ميكانيكا, قيادة, صيانة, اصلاح, معلومات متنوعة /
_cعادل المعلم
300 _a185 ص
490 _a100 قصة
_v0
650 0 4 _aالهندسة البخارية
650 0 4 _aالدرجات البخارية
942 _2ddc
_cBK
999 _c45029
_d45029